[Event "GER-chT U20 Girls"]
[Site "Naunhof"]
[Date "2005.12.27"]
[Round "1.4"]
[White "Langer, Antje"]
[Black "Hafner, Katrin"]
[Result "0-1"]
[WhiteElo "905"]
[BlackElo "1575"]
[PlyCount "82"]
[EventDate "2005.12.27"]
[EventType "team-swiss"]
[EventRounds "7"]
[EventCountry "GER"]
[SourceTitle "CBM 110 Extra"]
[Source "ChessBase"]
[SourceDate "2006.03.10"]
[SourceVersion "2"]
[SourceVersionDate "2006.03.10"]
[SourceQuality "1"]

1. f4 d5 2. Nf3 Nc6 3. e3 Nf6 4. Be2 e6 5. 0-0 Bd6 6. b3 e5 7. fxe5 Nxe5 8. Bb2 Nfg4 9. Qe1 Nxf3+ 10. Bxf3 Nxh2 11. Rf2 Bg3 12. d3 Qh4 13. Nd2 Ng4 14. Bxg4 Qh2+ 15. Kf1 Qh1+ 16. Ke2 Bxg4+ 17. Nf3 Qxe1+ 18. Rxe1 0-0 19. Kf1 Rfe8 20. e4 Bxf2 21. Kxf2 dxe4 22. Rxe4 Rxe4 23. dxe4 Rd8 24. Ne1 Rd2+ 25. Kg3 Bd1 26. Bc3 Re2 27. Kf4 Bxc2 28. Kf3 Bd1 29. Nd3 Rc2+ 30. Kg3 Rxc3 31. a3 Rxd3+ 32. Kf4 Rxb3 33. a4 c5 34. Ke5 Rd3 35. Kf4 c4 36. g4 c3 37. e5 c2 38. Ke4 Rd8 39. Kf5 c1Q 40. Ke4 Qc4+ 41. Kf5 Qxg4# 0-1

[Event "Wuerttemberg-ch U16/18 Girls"]
[Site "Friedrichshafen"]
[Date "2005.04.02"]
[Round "7"]
[White "Rapp, Franziska"]
[Black "Langer, Antje"]
[Result "1/2-1/2"]
[WhiteElo "1191"]
[BlackElo "910"]
[PlyCount "47"]
[EventDate "2005.03.29"]
[EventType "swiss"]
[EventRounds "7"]
[EventCountry "GER"]
[SourceTitle "EXT 2007"]
[Source "ChessBase"]
[SourceDate "2006.11.23"]
[SourceVersion "1"]
[SourceVersionDate "2006.11.23"]
[SourceQuality "1"]

1. d4 d5 2. e3 Nf6 3. Bd3 Bg4 4. Ne2 e6 5. 0-0 Nc6 6. b3 Nb4 7. f3 Bh5 8. Ba3 Bd6 9. Bxb4 Bxb4 10. c3 Bd6 11. f4 c5 12. Nd2 cxd4 13. cxd4 Rc8 14. Rc1 0-0 15. Qe1 Bb4 16. Ng3 Qa5 17. Rf2 Ng4 18. Re2 Bg6 19. Bxg6 fxg6 20. Rd1 Rc2 21. Ngf1 Rxa2 22. g3 Nf6 23. Rc1 Ne4 24. Rd1 1/2-1/2

[Event "Wuerttemberg-ch U16/18 Girls"]
[Site "Friedrichshafen"]
[Date "2005.04.01"]
[Round "6"]
[White "Langer, Antje"]
[Black "Kern, Michaela"]
[Result "1/2-1/2"]
[WhiteElo "910"]
[BlackElo "966"]
[PlyCount "20"]
[EventDate "2005.03.29"]
[EventType "swiss"]
[EventRounds "7"]
[EventCountry "GER"]
[SourceTitle "EXT 2007"]
[Source "ChessBase"]
[SourceDate "2006.11.23"]
[SourceVersion "1"]
[SourceVersionDate "2006.11.23"]
[SourceQuality "1"]

1. d4 d5 2. c4 c6 3. Nc3 Nf6 4. Nf3 Bf5 5. Bg5 e6 6. Bxf6 Qxf6 7. e3 c5 8. Bd3 Bxd3 9. Qxd3 Nc6 10. 0-0 dxc4 1/2-1/2

[Event "Wuerttemberg-ch U16/18 Girls"]
[Site "Friedrichshafen"]
[Date "2005.03.29"]
[Round "1"]
[White "Langer, Antje"]
[Black "Rieger, Fee"]
[Result "0-1"]
[WhiteElo "910"]
[BlackElo "1282"]
[PlyCount "78"]
[EventDate "2005.03.29"]
[EventType "swiss"]
[EventRounds "7"]
[EventCountry "GER"]
[SourceTitle "EXT 2007"]
[Source "ChessBase"]
[SourceDate "2006.11.23"]
[SourceVersion "1"]
[SourceVersionDate "2006.11.23"]
[SourceQuality "1"]

1. d4 d5 2. c4 dxc4 3. Nc3 e6 4. Nf3 Bb4 5. Bd2 Nc6 6. e3 Bxc3 7. Bxc3 Qd5 8. Be2 Nf6 9. 0-0 0-0 10. Rc1 b5 11. b3 cxb3 12. Qxb3 Qxb3 13. axb3 a6 14. Ne5 Nxe5 15. dxe5 Nd5 16. Bf3 Nxc3 17. Bxa8 Ne2+ 18. Kh1 Nxc1 19. Rxc1 Rd8 20. h3 Rd7 21. Kh2 Kf8 22. Kg3 f6 23. f4 Rf7 24. Kg4 g6 25. Kh4 fxe5 26. fxe5 Ke8 27. Rd1 c5 28. Rd5 exd5 29. Bxd5 Re7 30. e6 Bxe6 31. Bxe6 Rxe6 32. Kg5 c4 33. bxc4 bxc4 34. Kh6 c3 35. Kxh7 c2 36. Kg7 c1Q 37. Kg8 Re7 38. Kh8 Qc3+ 39. Kg8 Qg7# 0-1

[Event "Wuertemberg-ch U16/18 Girls"]
[Site "Germany"]
[Date "2004.04.16"]
[Round "6"]
[White "Hahn, Eva Katharina"]
[Black "Langer, Antje"]
[Result "1/2-1/2"]
[WhiteElo "1122"]
[BlackElo "894"]
[PlyCount "32"]
[EventDate "2004.04.??"]
[EventType "swiss"]
[EventRounds "7"]
[EventCountry "GER"]
[SourceTitle "EXT 2005"]
[Source "ChessBase"]
[SourceDate "2004.11.15"]
[SourceVersion "1"]
[SourceVersionDate "2004.11.15"]
[SourceQuality "1"]

1. d4 d5 2. c4 e6 3. Nc3 Bb4 4. Qa4+ Nc6 5. Nf3 Nf6 6. Bg5 0-0 7. e3 Bxc3+ 8. bxc3 Bd7 9. Be2 Nxd4 10. Qb4 Nc2+ 11. Kd2 Nxb4 12. cxb4 Ne4+ 13. Ke1 Nxg5 14. cxd5 Nxf3+ 15. Bxf3 exd5 16. Bxd5 Bc6 1/2-1/2

[Event "Wuertemberg-ch U16/18 Girls"]
[Site "Germany"]
[Date "2004.04.15"]
[Round "5"]
[White "Langer, Antje"]
[Black "Keller, Anika"]
[Result "1-0"]
[WhiteElo "894"]
[BlackElo "1261"]
[PlyCount "43"]
[EventDate "2004.04.??"]
[EventType "swiss"]
[EventRounds "7"]
[EventCountry "GER"]
[SourceTitle "EXT 2005"]
[Source "ChessBase"]
[SourceDate "2004.11.15"]
[SourceVersion "1"]
[SourceVersionDate "2004.11.15"]
[SourceQuality "1"]

1. d4 d5 2. c4 e6 3. Nc3 Nf6 4. Bg5 Be7 5. Bxf6 Bxf6 6. Nf3 Nc6 7. e3 0-0 8. cxd5 exd5 9. Bb5 Bd7 10. 0-0 Ne7 11. Bxd7 Qxd7 12. Re1 c6 13. e4 dxe4 14. Nxe4 Qf5 15. Nxf6+ Qxf6 16. Ne5 Rad8 17. Re4 Nd5 18. Ng4 Qg5 19. Qf3 Rfe8 20. Rae1 Rxe4 21. Qxe4 Nf4 22. Qe8+ 1-0

[Event "Wuerttemberg-ch U14 Girls"]
[Site "Lindau"]
[Date "2002.04.02"]
[Round "1"]
[White "Langer, Antje"]
[Black "Oesterle, Sabine"]
[Result "0-1"]
[WhiteElo "864"]
[BlackElo "1136"]
[PlyCount "30"]
[EventDate "2002.04.??"]
[EventType "swiss"]
[EventRounds "7"]
[EventCountry "GER"]
[SourceTitle "EXT 2003"]
[Source "ChessBase"]
[SourceDate "2002.11.25"]
[SourceVersion "1"]
[SourceVersionDate "2002.11.25"]
[SourceQuality "1"]

1. e4 e5 2. Nf3 Nc6 3. Bc4 Nf6 4. d3 Bc5 5. Nc3 0-0 6. 0-0 d6 7. Bg5 h6 8. Bxf6 Qxf6 9. Nd5 Qd8 10. Qd2 Bg4 11. Ne1 Nd4 12. c3 Ne2+ 13. Kh1 Qh4 14. Nc2 Bxf2 15. Nce3 Ng3# 0-1